[Event "Catalunya-ch (Women)"]
[Site "Llinars del Valles"]
[Date "2022.10.31"]
[Round "5"]
[White "Vinolas Anglada, Laura"]
[Black "Molinero Gomez, Sandra"]
[Result "1-0"]
[WhiteElo "1847"]
[BlackElo "1820"]
[PlyCount "98"]
[EventDate "2022.10.28"]
[EventType "tourn"]
[EventRounds "7"]
[EventCountry "ESP"]
[SourceTitle "EXT 2024"]
[Source "ChessBase"]
[SourceDate "2023.10.10"]
[SourceVersion "1"]
[SourceVersionDate "2023.10.10"]
[SourceQuality "1"]

1. e4 Nc6 2. Nf3 g6 3. d4 Bg7 4. Nc3 a6 5. Be3 e6 6. Qd2 d6 7. h4 h6 8. 0-0-0 Nf6 9. d5 Ne5 10. Nxe5 dxe5 11. Bc5 exd5 12. exd5 Bf5 13. d6 b6 14. Ba3 c5 15. Re1 Nd7 16. Nd5 0-0 17. Ne7+ Kh7 18. Nxf5 gxf5 19. b3 Re8 20. Bc4 Qf6 21. Bb2 Bf8 22. Rd1 h5 23. Kb1 Qg6 24. f3 Bh6 25. Qd5 Kg8 26. g4 hxg4 27. fxg4 fxg4 28. Rdf1 Bf4 29. Bc1 b5 30. Bd3 Qe6 31. Qe4 Nf6 32. Qc6 Rec8 33. Qg2 Qxd6 34. Bf5 Qc6 35. Qxc6 Rxc6 36. Bxf4 exf4 37. Rxf4 Rd6 38. Rg1 Kh8 39. Bd3 Rf8 40. Be2 g3 41. Bd3 Nh5 42. Rf5 Rh6 43. Be2 Ng7 44. Rxc5 Rxh4 45. Rxg3 Rh6 46. Rc7 Ne6 47. Ra7 Nd4 48. Bd3 b4 49. Rxa6 Nb5 1-0

[Event "Cornella Pinol Memorial 1st"]
[Site "Cornella de Llobregat"]
[Date "2013.09.30"]
[Round "1"]
[White "Molinero Gomez, Sandra"]
[Black "Capellades Subirana, Marc"]
[Result "0-1"]
[WhiteElo "1809"]
[BlackElo "2233"]
[PlyCount "40"]
[EventDate "2013.09.30"]
[EventType "swiss"]
[EventRounds "9"]
[EventCountry "ESP"]
[SourceTitle "EXT 2015"]
[Source "ChessBase"]
[SourceDate "2014.11.20"]
[SourceVersion "1"]
[SourceVersionDate "2014.11.20"]
[SourceQuality "1"]

1. e4 e5 2. Nf3 Nc6 3. Bc4 Bc5 4. c3 Nf6 5. b4 Bb6 6. d3 d6 7. 0-0 Bg4 8. Nbd2 0-0 9. Re1 d5 10. exd5 Nxd5 11. Ne4 Kh8 12. h3 Bh5 13. Ng3 Nxc3 14. Qb3 Bxf3 15. gxf3 Nd4 16. Qxc3 Nxf3+ 17. Kg2 Bd4 18. Qb3 Nxe1+ 19. Kf1 Bxa1 20. Qd1 b5 0-1

[Event "Catalunya-ch U20"]
[Site "Vila Seca"]
[Date "2010.04.02"]
[Round "4"]
[White "Molinero Gomez, Sandra"]
[Black "Nieto Farreny, Francesc"]
[Result "0-1"]
[WhiteElo "1832"]
[BlackElo "1973"]
[PlyCount "96"]
[EventDate "2010.03.31"]
[EventType "swiss"]
[EventRounds "9"]
[EventCountry "ESP"]
[SourceTitle "CBM 135 Extra"]
[Source "ChessBase"]
[SourceDate "2010.05.04"]
[SourceVersion "1"]
[SourceVersionDate "2010.05.04"]
[SourceQuality "1"]

1. e4 c5 2. Nc3 g6 3. g3 Bg7 4. Bg2 Nc6 5. d3 d6 6. Nge2 Nf6 7. Be3 Bd7 8. Qc1 h5 9. h3 Rb8 10. f4 Qc8 11. d4 cxd4 12. Nxd4 b6 13. Qd2 Nxd4 14. Bxd4 Be6 15. 0-0-0 Kf8 16. Kb1 a5 17. e5 Ne8 18. Ne4 dxe5 19. Bxe5 Bxe5 20. fxe5 Nc7 21. Ng5 Kg7 22. Nxe6+ Nxe6 23. Qd7 Qc5 24. Qd5 Qxd5 25. Rxd5 Rhd8 26. Rhd1 Rxd5 27. Rxd5 Rd8 28. Rxd8 Nxd8 29. c4 Ne6 30. Kc2 g5 31. Kc3 h4 32. g4 f6 33. exf6+ Kxf6 34. a3 Ke5 35. b4 Kd6 36. c5+ bxc5 37. bxa5 Kc7 38. Kc4 Kb8 39. Bf1 Kb7 40. Kd5 Nf4+ 41. Kxc5 e5 42. Kb4 e4 43. Kc4 e3 44. a6+ Ka7 45. Kd4 e2 46. Bxe2 Nxe2+ 47. Ke5 Nf4 48. Kf5 Nxh3 0-1

[Event "Llinars del Valles op 3rd"]
[Site "Llinars del Valles"]
[Date "2009.04.18"]
[Round "1"]
[White "Molinero Gomez, Sandra"]
[Black "Gomez Benitez, David Isaac"]
[Result "1-0"]
[WhiteElo "1834"]
[BlackElo "2090"]
[PlyCount "163"]
[EventDate "2009.04.18"]
[EventType "swiss"]
[EventRounds "7"]
[EventCountry "ESP"]
[SourceTitle "EXT 2011"]
[Source "ChessBase"]
[SourceDate "2010.11.26"]
[SourceVersion "1"]
[SourceVersionDate "2010.11.26"]
[SourceQuality "1"]

1. e4 d5 2. exd5 Qxd5 3. Nc3 Qd6 4. d4 Nf6 5. Nf3 a6 6. Ng5 Nc6 7. Bc4 e6 8. Be3 Be7 9. 0-0 b5 10. Be2 Bb7 11. Nge4 Qd7 12. Nc5 Bxc5 13. dxc5 Rd8 14. Bf3 Qc8 15. Qe2 Ne5 16. Bxb7 Qxb7 17. Bf4 Ng6 18. Bg3 Qc6 19. Rad1 0-0 20. b4 h6 21. h4 Ne7 22. Qe5 Nfd5 23. Nxd5 Nxd5 24. Rd4 f6 25. Qh5 e5 26. Rg4 Qe6 27. Qg6 Rf7 28. Rd1 c6 29. Re4 Re8 30. f4 Ne7 31. Qh5 Qf5 32. Qe2 Nd5 33. Qd3 Rfe7 34. fxe5 fxe5 35. Rde1 Qh5 36. c4 Nf6 37. R4e2 e4 38. Qd6 Re6 39. Qd4 Qg6 40. Bd6 Qg4 41. cxb5 axb5 42. Qf2 Nd5 43. a3 Rf6 44. Qg3 Qf5 45. Rf2 Qe6 46. Rxf6 Qxf6 47. Rf1 Qe6 48. Bf4 e3 49. Re1 Kh7 50. h5 Qe4 51. Bxe3 Nxe3 52. Kh1 Kg8 53. Qf2 Ng4 54. Qa2+ Kh8 55. Rxe4 Rxe4 56. Qd2 Re8 57. g3 Re5 58. Qd8+ Kh7 59. Qd3+ Kg8 60. Qg6 Nf6 61. g4 Re3 62. Qf5 Re8 63. g5 hxg5 64. Qxg5 Re1+ 65. Kg2 Re4 66. Kf1 Rg4 67. Qf5 Kf7 68. Qc8 Rf4+ 69. Kg2 Rg4+ 70. Kf3 Rd4 71. Qxc6 Rd3+ 72. Ke2 Rxa3 73. Qxb5 Ra2+ 74. Kd3 Ra3+ 75. Kc2 Ra7 76. c6 Rc7 77. Qc4+ Ke7 78. b5 Nd7 79. Qd4 Nf6 80. Qe5+ Kd8 81. Qd6+ Nd7 82. b6 1-0

[Event "Barbera del Valles op-B"]
[Site "Barbera del Valles"]
[Date "2008.07.07"]
[Round "2.5"]
[White "Slimani, Abderezzak"]
[Black "Molinero Gomez, Sandra"]
[Result "1-0"]
[WhiteElo "2032"]
[BlackElo "1849"]
[PlyCount "101"]
[EventDate "2008.07.05"]
[EventType "swiss"]
[EventRounds "8"]
[EventCountry "ESP"]
[SourceTitle "EXT 2024"]
[Source "ChessBase"]
[SourceDate "2023.10.10"]
[SourceVersion "1"]
[SourceVersionDate "2023.10.10"]
[SourceQuality "1"]

1. b3 d5 2. Bb2 Nf6 3. e3 Bf5 4. Nf3 Nbd7 5. d4 e6 6. Be2 Bb4+ 7. c3 Be7 8. Nbd2 h6 9. 0-0 0-0 10. c4 c6 11. Ne5 Rc8 12. Ndf3 Bh7 13. Rc1 a6 14. c5 Qa5 15. a3 Rfd8 16. Bc3 Qc7 17. Qe1 Qb8 18. Ba5 Re8 19. b4 Bd8 20. Bd3 Bxd3 21. Nxd3 b6 22. cxb6 Nxb6 23. Bxb6 Bxb6 24. Nfe5 Qa8 25. Nc5 a5 26. bxa5 Bxa5 27. Qe2 Re7 28. a4 Bb6 29. Ned3 Ne4 30. Nxe4 dxe4 31. Nb2 e5 32. dxe5 Bc7 33. Rc5 Rxe5 34. Rxe5 Bxe5 35. Nc4 Bc7 36. Qc2 Re8 37. Rd1 Qc8 38. Nd6 Bxd6 39. Rxd6 Re6 40. Rd4 f5 41. Qc4 Kh7 42. h3 Rg6 43. Qf7 Qg8 44. Qxf5 Qe6 45. Qxe4 Qxe4 46. Rxe4 c5 47. a5 Ra6 48. Ra4 Kg6 49. Kf1 Kf6 50. Ke2 Ke6 51. Kd3 1-0

[Event "Catalunya-ch U20"]
[Site "Catalunya"]
[Date "2008.03.20"]
[Round "3"]
[White "Moya Arau, Carles"]
[Black "Molinero Gomez, Sandra"]
[Result "1-0"]
[WhiteElo "1873"]
[BlackElo "1834"]
[PlyCount "125"]
[EventDate "2008.03.19"]
[EventType "swiss"]
[EventRounds "9"]
[EventCountry "ESP"]
[SourceTitle "EXT 2010"]
[Source "ChessBase"]
[SourceDate "2010.11.25"]
[SourceVersion "1"]
[SourceVersionDate "2010.11.25"]
[SourceQuality "1"]

1. e4 c5 2. Nc3 Nc6 3. f4 e6 4. Nf3 g6 5. Bc4 Nge7 6. d3 Bg7 7. 0-0 0-0 8. Qe1 d5 9. Bb3 Nd4 10. Ne2 Nxb3 11. axb3 b6 12. e5 Bb7 13. Be3 d4 14. Bd2 Nd5 15. Ng3 Bh6 16. Ng5 Nxf4 17. N5e4 g5 18. Nf6+ Kh8 19. Bxf4 gxf4 20. Nge4 Bg7 21. Qh4 Bxe4 22. dxe4 Bxf6 23. exf6 Rg8 24. Rf3 Rg6 25. Qxf4 Qd7 26. Rh3 Qc8 27. Rf1 Qg8 28. Rf2 Rg4 29. Qf3 Qg5 30. Qe2 Rg8 31. Rd3 Qc1+ 32. Rd1 Qe3 33. Qxe3 dxe3 34. Re2 Rxe4 35. Rd7 Re8 36. Rxa7 Rd8 37. g3 Kg8 38. Kg2 h6 39. Kf3 Rd2 40. Rb7 Red4 41. Kxe3 Rxe2+ 42. Kxe2 Rd6 43. g4 e5 44. Re7 Rxf6 45. Rxe5 Rf4 46. h3 Kg7 47. Rd5 Re4+ 48. Kd2 Re6 49. b4 cxb4 50. Rb5 Kg6 51. Rxb4 Kg5 52. Rd4 Kh4 53. Rd3 Rf6 54. c4 Rf2+ 55. Kc3 Rh2 56. b4 Ra2 57. c5 Ra3+ 58. Kd4 bxc5+ 59. bxc5 Ra8 60. c6 Kg5 61. c7 Kf6 62. Rc3 Rc8 63. Kd5 1-0

[Event "ESP-ch U16"]
[Site "Padron"]
[Date "2008.??.??"]
[Round "7"]
[White "Molinero Gomez, Sandra"]
[Black "Lopez Garralon, Miguel"]
[Result "1-0"]
[WhiteElo "1849"]
[BlackElo "1693"]
[PlyCount "49"]
[EventDate "2008.07.20"]
[EventType "swiss"]
[EventRounds "9"]
[EventCountry "ESP"]
[SourceTitle "EXT 2010"]
[Source "ChessBase"]
[SourceDate "2010.11.25"]
[SourceVersion "1"]
[SourceVersionDate "2010.11.25"]
[SourceQuality "1"]

1. e4 b6 2. d4 Bb7 3. Nc3 e6 4. Bc4 Bb4 5. d5 Nf6 6. Bg5 h6 7. Bd2 0-0 8. Nge2 Bxc3 9. Nxc3 exd5 10. exd5 d6 11. Qf3 Nbd7 12. Qg3 Re8+ 13. Kd1 Nh5 14. Qh3 Ndf6 15. g4 Bc8 16. f3 g5 17. Bd3 Kg7 18. Qg2 Nf4 19. Bxf4 gxf4 20. g5 Nh7 21. gxh6+ Kxh6 22. Rg1 Qg5 23. Qf2 Qh5 24. Qd4 Qxf3+ 25. Be2 1-0